000 00706nam a2200229Ii 4500
003 JO-AjNU
008 230605s9999||||xx |||||||||||||| ||und||
017 _a2010/8/3018
020 _a978-9957-16-661-8
040 _aJO-AjNU
_bara
_erda
_cJO-AjNU
041 _aara
050 1 4 _aJA71.K4222.2015
100 3 _aالخطيب، نعمان احمد ،مؤلف ,
_eauthor
_950809
245 0 0 _aالوجيز في النظم السياسية
250 _aط3
264 3 1 _aعمان : دار الثقافة ،2015
300 _a440ص
336 _atext
_btxt
_2rdacontent
337 _aunmediated
_bn
_2rdamedia
338 _avolume
_bnc
_2rdacarrier
650 4 _aالانظمة السياسية
_950810
999 _aA22404
_c25972
_d25972